Obce - okres Snina - Statistics

General Stats
  • This quiz has been taken 21 times
  • The average score is 17 of 34
Answers on the Map
Answers color-coded by a green-red scale on the quiz's map according to % correct below.
 
Answer Stats
Answer % Correct
Nová Sedlica
100%
Snina
100%
Belá nad Cirochou
86%
Stakčín
86%
Ulič
86%
Uličské Krivé
86%
Dlhé nad Cirochou
71%
Zemplínske Hámre
71%
Dúbrava
57%
Jalová
57%
Kalná Roztoka
57%
Kolonica
57%
Pčoliné
57%
Pichne
57%
Runina
57%
Ubľa
57%
Zboj
57%
Hostovice
43%
Klenová
43%
Kolbasov
43%
Ladomirov
43%
Osadné
43%
Stakčínska Roztoka
43%
Topoľa
43%
Parihuzovce
29%
Príslop
29%
Ruská Volová
29%
Ruský Potok
29%
Brezovec
14%
Čukalovce
14%
Hrabová Roztoka
14%
Michajlov
14%
Šmigovec
14%
Strihovce
14%
No matching quizzes found
Score Distribution
Percent of People with Each Score
Percentile by Number Answered
Your Score History
You have not taken this quiz